00561nam a2200193 a 4500008004100000020001500041020001500056050001600071100002400087245008800111250001200199260002800211300002200239350000900261500005100270650002000321650001000341700001600351120416s1994 ||||||||||||||||| || u a0080408346 a0080408346 aTS 2145 Ken aKent, Norman Leslie10aTechnology of cereals: an introduction for students of food science and agriculture a4th ed. aOxford:bPergamonc1994 axiii, 334p.: ill. a0.00 aIncludes bibliographical references and index. aCEREAL PRODUCTS aGRAIN aEvers, A. D